000 00566nam a2200205Ia 4500
005 20250508170026.0
008 008 250505s9999 xx 000 0 eng d
020 _a978-93-5208-096-0
037 _aTextual
040 _aFEDL
_beng
_cFEDL
041 _aeng
_2eng
084 _a370.15, PES
_qFEDL
100 _aPestalozzi Heinrich
_9757827
245 0 _aPsychology and education
260 _aNew Delhi, India
_bSarup Book Publishers
_c2018
300 _a217p.
365 _aINR
_b700
942 _cTEXL
_h370.15, PES
999 _c1398746
_d1398746